000 00443nam a2200169 a 4500
001 13584
003 CO-ViMGA
008 141112s2004 ck r 000 u spa d
040 _aCO-ViMGA
_bspa
_cCO-ViMGA
082 0 4 _aEc 861 L177d
100 1 _aLarrea B., Piedad
_919795
245 1 0 _aDolor de ser buena
260 _aQuito :
_bCasa de la Cultura Ecuatoriana,
_c1978
300 _a184
650 1 4 _aPOESIA ECUATORIANA
_919796
942 _2ddc
_cBK
999 _c24308
_d24308